Quiz o raperach ameryka - Statystyki

Ogólne statystyki
  • Ten quiz został rozwiązany 93 razy
  • Średni wynik to 6 z 10
Statystyki odpowiedzi
Hint Odpowiedź % Poprawnych
godzilla eminem
98%
candy shop 50 cent
82%
It Was A Good Day Ice Cube
65%
Praise The Lord A$AP Rocky
62%
Black And Yellow Wiz Khalifa
62%
The Next Episode Dr.Dre
56%
Lollipop Lil Wayne
45%
X Gon' Give It To Ya DMX
37%
Ghetto Gospel 2Pac
36%
ante up mop
9%
Nie znaleziono quizów pasujących do podanych kryteriów
Rozkład punktacji
Procent ludzi z każdym wynikiem
Percentyl według liczby udzielonych odpowiedzi
Twoja historia wyników
Nie rozwiązałeś tego quizu